[Event "Florianopolis op 10th"]
[Site "Florianopolis"]
[Date "2024.01.21"]
[Round "2"]
[White "Born, Ary"]
[Black "Franzen, Mark Scheer"]
[Result "0-1"]
[WhiteElo "1249"]
[BlackElo "1596"]
[PlyCount "38"]
[EventDate "2024.01.20"]
[EventType "swiss"]
[EventRounds "10"]
[EventCountry "BRA"]
[SourceTitle "CB05_2024"]
[SourceDate "2024.01.31"]
[SourceVersion "1"]
[SourceVersionDate "2024.01.31"]
[SourceQuality "1"]

1. d4 d5 2. Nf3 Nc6 3. Bf4 Bg4 4. Nbd2 e6 5. c3 Bd6 6. Bg3 Nf6 7. Qc2 0-0 8. e3 Ne7 9. Bd3 Ng6 10. Nf1 h6 11. 0-0-0 c5 12. Be2 Ne4 13. h3 Bf5 14. Qa4 Bxg3 15. Nxg3 Nxf2 16. Nxf5 exf5 17. Ne5 Nxe5 18. dxe5 Nxh1 19. Bf3 Qg5 0-1

[Event "Florianopolis op 10th"]
[Site "Florianopolis"]
[Date "2024.01.20"]
[Round "1"]
[White "Hataby, Raed"]
[Black "Born, Ary"]
[Result "1-0"]
[WhiteElo "1888"]
[BlackElo "1249"]
[PlyCount "99"]
[EventDate "2024.01.20"]
[EventType "swiss"]
[EventRounds "10"]
[EventCountry "BRA"]
[SourceTitle "CB05_2024"]
[SourceDate "2024.01.31"]
[SourceVersion "1"]
[SourceVersionDate "2024.01.31"]
[SourceQuality "1"]

1. e3 d5 2. c4 Nf6 3. Nc3 e6 4. Nf3 h6 5. d4 Bb4 6. Qa4+ Nc6 7. Ne5 0-0 8. Nxc6 Bxc3+ 9. bxc3 bxc6 10. Bd3 a5 11. cxd5 cxd5 12. 0-0 Bd7 13. Qc2 Re8 14. f3 Qe7 15. Rb1 a4 16. Bd2 a3 17. Rb7 Ba4 18. Qb1 Qd7 19. Qb4 Qc6 20. Rb1 Nd7 21. Rb5 e5 22. Ra5 e4 23. Rxa8 Qxa8 24. fxe4 dxe4 25. Bc4 Bc2 26. Rf1 Nf6 27. Bc1 Nd5 28. Qxa3 Bd3 29. Qxa8 Rxa8 30. Bxd5 Bxf1 31. Bxa8 Bd3 32. Ba3 g6 33. Bc5 Kg7 34. a4 f5 35. a5 Kf6 36. Bb7 f4 37. a6 Bxa6 38. Bxa6 g5 39. Bc8 h5 40. Kf2 g4 41. exf4 c6 42. Ke3 Kf7 43. Kxe4 Ke8 44. Bb6 c5 45. dxc5 Ke7 46. Ke5 h4 47. Bxg4 Ke8 48. c6 Ke7 49. c7 h3 50. c8Q 1-0

[Event "Niteroi op 3rd"]
[Site "Niteroi"]
[Date "2023.09.07"]
[Round "6"]
[White "Carneiro, Luis Guilherme Rosa"]
[Black "Born, Ary"]
[Result "1-0"]
[WhiteElo "1667"]
[BlackElo "1224"]
[PlyCount "33"]
[EventDate "2023.09.04"]
[EventType "swiss"]
[EventRounds "9"]
[EventCountry "BRA"]
[SourceTitle "EXT 2024"]
[Source "ChessBase"]
[SourceDate "2023.10.10"]
[SourceVersion "1"]
[SourceVersionDate "2023.10.10"]
[SourceQuality "1"]

1. d4 e6 2. Nf3 d5 3. e3 c5 4. b3 Nc6 5. Bd3 Qb6 6. Bb2 Bd6 7. 0-0 Nge7 8. dxc5 Bxc5 9. Bxg7 Nf5 10. Bxh8 Nxe3 11. fxe3 Bxe3+ 12. Kh1 Bd7 13. Bf6 Nd4 14. Nxd4 Bxd4 15. Bxd4 Qxd4 16. Nd2 Ke7 17. Nf3 1-0

[Event "Niteroi op 3rd"]
[Site "Niteroi"]
[Date "2023.09.05"]
[Round "3"]
[White "Born, Ary"]
[Black "Nobre, Jailson Altair Barb"]
[Result "1-0"]
[WhiteElo "1224"]
[BlackElo "1592"]
[PlyCount "52"]
[EventDate "2023.09.04"]
[EventType "swiss"]
[EventRounds "9"]
[EventCountry "BRA"]
[SourceTitle "EXT 2024"]
[Source "ChessBase"]
[SourceDate "2023.10.10"]
[SourceVersion "1"]
[SourceVersionDate "2023.10.10"]
[SourceQuality "1"]

1. d4 Nf6 2. Nf3 e6 3. Bf4 d6 4. e3 Be7 5. Nbd2 0-0 6. Bd3 b6 7. Rc1 Bb7 8. c4 Nc6 9. a3 a5 10. h4 h6 11. g4 e5 12. Bxh6 gxh6 13. g5 Ng4 14. gxh6 Nxh6 15. Ng5 Bxg5 16. Rg1 f6 17. Qh5 Rf7 18. Qxh6 Rg7 19. hxg5 fxg5 20. Qe6+ Kf8 21. Rh1 Rg8 22. Bh7 Rh8 23. Qh6+ Kf7 24. Bg6+ Ke7 25. Qxg5+ Kd7 26. Bf5+ Ke8 1-0

[Event "Niteroi op 3rd"]
[Site "Niteroi"]
[Date "2023.09.04"]
[Round "1"]
[White "Born, Ary"]
[Black "Bassani, Eduardo"]
[Result "0-1"]
[WhiteElo "1224"]
[BlackElo "1875"]
[PlyCount "52"]
[EventDate "2023.09.04"]
[EventType "swiss"]
[EventRounds "9"]
[EventCountry "BRA"]
[SourceTitle "EXT 2024"]
[Source "ChessBase"]
[SourceDate "2023.10.10"]
[SourceVersion "1"]
[SourceVersionDate "2023.10.10"]
[SourceQuality "1"]

1. d4 e6 2. e4 c5 3. e5 cxd4 4. Nf3 Nc6 5. a3 Qc7 6. Bf4 f6 7. Bd3 fxe5 8. Bg3 Nf6 9. Qe2 d6 10. Nbd2 Be7 11. Nc4 0-0 12. h4 Nh5 13. Bxh7+ Kxh7 14. Ng5+ Kh6 15. Qd3 g6 16. Qd2 Kg7 17. 0-0-0 b5 18. Nxe5 dxe5 19. Rhe1 Nxg3 20. fxg3 b4 21. h5 bxa3 22. h6+ Kh8 23. Kb1 Nb4 24. Rxe5 Qxe5 25. Qxd4 Qxd4 26. Rxd4 Rf1+ 0-1

[Event "Porto Alegre op"]
[Site "Porto Alegre"]
[Date "2023.08.27"]
[Round "5"]
[White "Born, Ary"]
[Black "Formolo, Rafael Marcos"]
[Result "0-1"]
[WhiteElo "1225"]
[BlackElo "1747"]
[PlyCount "77"]
[EventDate "2023.08.25"]
[EventType "swiss"]
[EventRounds "5"]
[EventCountry "BRA"]
[SourceTitle "EXT 2024"]
[Source "ChessBase"]
[SourceDate "2023.10.10"]
[SourceVersion "1"]
[SourceVersionDate "2023.10.10"]
[SourceQuality "1"]

1. d4 Nf6 2. Bf4 d5 3. Nf3 c6 4. e3 Bg4 5. Nbd2 e6 6. Be2 Qb6 7. 0-0 Nbd7 8. c4 Nh5 9. Bg5 h6 10. Bh4 g5 11. Bxg5 hxg5 12. Nxg5 Bxe2 13. Qxe2 Qd8 14. Qg4 Bd6 15. Ndf3 Nhf6 16. Nxf7 Nxg4 17. Nxd6+ Kf8 18. h3 Ndf6 19. Nxb7 Qb8 20. Nc5 Ke7 21. Rfe1 Qxb2 22. Nd3 Qa3 23. Red1 dxc4 24. Nde5 Nxe5 25. dxe5 Ne4 26. Nd4 Rac8 27. Rdb1 Rc7 28. Nc2 Qc3 29. Nd4 Nxf2 30. Ne2 Qxe3 31. Re1 Nxh3+ 32. Kh2 Qxe5+ 33. Ng3 Nf4+ 34. Kg1 Qd4+ 35. Kf1 Qd2 36. Nf5+ Kf6 37. Rxe6+ Kxe6 38. Nd4+ Qxd4 39. Re1+ 0-1

[Event "Porto Alegre op"]
[Site "Porto Alegre"]
[Date "2023.08.26"]
[Round "3"]
[White "Calsing, Ado"]
[Black "Born, Ary"]
[Result "1-0"]
[WhiteElo "1886"]
[BlackElo "1225"]
[PlyCount "73"]
[EventDate "2023.08.25"]
[EventType "swiss"]
[EventRounds "5"]
[EventCountry "BRA"]
[SourceTitle "EXT 2024"]
[Source "ChessBase"]
[SourceDate "2023.10.10"]
[SourceVersion "1"]
[SourceVersionDate "2023.10.10"]
[SourceQuality "1"]

1. d4 e6 2. c4 d5 3. Nc3 Nf6 4. Bg5 c5 5. cxd5 exd5 6. Bxf6 gxf6 7. e3 a6 8. dxc5 Be6 9. g3 Nc6 10. Bg2 Qa5 11. Nge2 h5 12. 0-0 Rd8 13. h4 Bg4 14. Qb3 Qb4 15. Qxb4 Nxb4 16. a3 Nd3 17. b4 Bh6 18. Rfd1 Ne5 19. Rxd5 Nf3+ 20. Bxf3 Bxf3 21. Rxd8+ Kxd8 22. Nd4 Bg4 23. Ne4 Ke7 24. Nd6 b5 25. N6f5+ Kd7 26. Nxh6 Rxh6 27. f3 Be6 28. Nxe6 fxe6 29. Rd1+ Kc8 30. Rd6 e5 31. Rxa6 Rg6 32. Kf2 Kb7 33. Rb6+ Ka7 34. Rxb5 f5 35. Rb6 Rxb6 36. cxb6+ Kxb6 37. g4 1-0

[Event "Porto Alegre op"]
[Site "Porto Alegre"]
[Date "2023.05.06"]
[Round "3"]
[White "Born, Ary"]
[Black "Xavier, Adriana Goncalves"]
[Result "0-1"]
[WhiteElo "1222"]
[BlackElo "1800"]
[PlyCount "68"]
[EventDate "2023.05.05"]
[EventType "swiss"]
[EventRounds "7"]
[EventCountry "BRA"]
[SourceTitle "CBM 214 Extra"]
[Source "ChessBase"]
[SourceDate "2023.07.31"]
[SourceVersion "1"]
[SourceVersionDate "2023.07.31"]
[SourceQuality "1"]

1. d4 Nf6 2. Bf4 e6 3. Nf3 Be7 4. e3 b6 5. Nbd2 Bb7 6. Bd3 c5 7. c3 d6 8. Qc2 Nbd7 9. a4 a5 10. h3 0-0 11. g4 Rc8 12. g5 Nd5 13. Bxh7+ Kh8 14. h4 cxd4 15. Nxd4 Nxf4 16. Be4 Bxe4 17. Qxe4 Nh5 18. g6 Ndf6 19. Nxe6 fxe6 20. Qxe6 Qd7 21. Qxd7 Nxd7 22. f4 d5 23. Nb3 Bc5 24. Nd4 Rfe8 25. 0-0-0 Rxe3 26. f5 Bxd4 27. Rxd4 Ndf6 28. Kd2 Rf3 29. Re1 Rxf5 30. Re7 Re8 31. Rb7 Ne4+ 32. Kc2 Rf2+ 33. Kb1 Nxc3+ 34. bxc3 Re1+ 0-1

[Event "Joao Pessoa op"]
[Site "Joao Pessoa"]
[Date "2023.03.17"]
[Round "2"]
[White "Da Silva, Giovanni B Tavares"]
[Black "Born, Ary"]
[Result "1-0"]
[WhiteElo "1972"]
[BlackElo "1224"]
[PlyCount "65"]
[EventDate "2023.03.17"]
[EventType "swiss"]
[EventRounds "6"]
[EventCountry "BRA"]
[SourceTitle "EXT 2024"]
[Source "ChessBase"]
[SourceDate "2023.10.10"]
[SourceVersion "1"]
[SourceVersionDate "2023.10.10"]
[SourceQuality "1"]

1. e4 e6 2. d4 d5 3. Nd2 Nf6 4. e5 Nfd7 5. c3 c5 6. Bd3 Nc6 7. Ne2 Qb6 8. Nf3 Be7 9. 0-0 a6 10. Re1 f6 11. Nf4 Nf8 12. exf6 gxf6 13. Bf5 Nd8 14. Qe2 Qc7 15. Nxd5 exd5 16. Bf4 Bxf5 17. Bxc7 Nde6 18. Nh4 Be4 19. f3 f5 20. fxe4 Bxh4 21. exd5 Kd7 22. dxe6+ Nxe6 23. Qxe6+ Kxc7 24. Qe5+ Kc8 25. Qxf5+ Kb8 26. Qe5+ Ka7 27. Qxc5+ Kb8 28. d5 Bd8 29. d6 b6 30. Qc6 Ka7 31. Rf1 Bg5 32. Rf7+ Be7 33. Qc7# 1-0

[Event "Florianopolis op 9th"]
[Site "Florianopolis"]
[Date "2023.01.28"]
[Round "9"]
[White "Born, Ary"]
[Black "Lisboa, Maria Eduarda Mazza"]
[Result "0-1"]
[WhiteElo "1227"]
[BlackElo "1743"]
[PlyCount "78"]
[EventDate "2023.01.23"]
[EventType "swiss"]
[EventRounds "10"]
[EventCountry "BRA"]
[SourceTitle "CBM 212 Extra"]
[Source "ChessBase"]
[SourceDate "2023.03.31"]
[SourceVersion "1"]
[SourceVersionDate "2023.03.31"]
[SourceQuality "1"]

1. d4 d5 2. Bf4 Nf6 3. Nf3 c5 4. c3 Nc6 5. Nbd2 Bf5 6. Nh4 Bg6 7. Nxg6 fxg6 8. h3 e6 9. Bg5 Be7 10. Qc2 cxd4 11. Qa4 dxc3 12. Nf3 Nd7 13. Bxe7 Qxe7 14. Qh4 Qxh4 15. Nxh4 cxb2 16. Rb1 0-0-0 17. f4 e5 18. f5 g5 19. Nf3 h6 20. g4 e4 21. Nd2 Rde8 22. e3 h5 23. Bg2 hxg4 24. Rxb2 gxh3 25. Bxh3 g4 26. Bg2 Rxh1+ 27. Bxh1 Rh8 28. Bg2 Rf8 29. Nf1 Rxf5 30. Ng3 Rf6 31. Rb5 Nb6 32. Nh5 Rg6 33. Nf4 Rg5 34. a3 Kc7 35. Rc5 Kd7 36. Nh5 g6 37. Ng3 Nc4 38. Nf1 Nxa3 39. Nh2 b6 0-1

[Event "Pan American-ch Seniors 65"]
[Site "Florianopolis"]
[Date "2022.06.25"]
[Round "8"]
[White "Tobar Salas, Juan Carlos"]
[Black "Born, Ary"]
[Result "1-0"]
[WhiteElo "1347"]
[BlackElo "1246"]
[PlyCount "79"]
[EventDate "2022.06.21"]
[EventType "swiss"]
[EventRounds "9"]
[EventCountry "BRA"]
[SourceTitle "CBM 209 Extra"]
[Source "ChessBase"]
[SourceDate "2022.09.30"]
[SourceVersion "1"]
[SourceVersionDate "2022.09.30"]
[SourceQuality "1"]

1. d4 e6 2. Bf4 d5 3. e3 c5 4. c3 Bd6 5. Bd3 Ne7 6. Nf3 Nd7 7. Bxd6 Nf5 8. Bg3 Nxg3 9. hxg3 Qb6 10. b3 Nf6 11. Ne5 Bd7 12. Qf3 c4 13. Bc2 cxb3 14. axb3 Rc8 15. g4 Rc7 16. g5 Bb5 17. gxf6 g6 18. e4 Bc4 19. Nxc4 dxc4 20. b4 a6 21. Qf4 h5 22. b5 a5 23. 0-0 Kd8 24. Na3 Kc8 25. Rad1 Rd8 26. d5 Qd6 27. Qxd6 Rxd6 28. dxe6 Rxe6 29. Rd4 Rxf6 30. Rfd1 Kb8 31. e5 Rb6 32. Rd6 Ka7 33. Rxb6 Kxb6 34. f4 g5 35. g3 h4 36. Kg2 hxg3 37. Kxg3 gxf4+ 38. Kxf4 Re7 39. Kf5 Re6 40. Rd6+ 1-0

[Event "Pan American-ch Seniors 65"]
[Site "Florianopolis"]
[Date "2022.06.22"]
[Round "3"]
[White "Ferreira, Jose Carlos"]
[Black "Born, Ary"]
[Result "1-0"]
[WhiteElo "1683"]
[BlackElo "1246"]
[PlyCount "65"]
[EventDate "2022.06.21"]
[EventType "swiss"]
[EventRounds "9"]
[EventCountry "BRA"]
[SourceTitle "CBM 209 Extra"]
[Source "ChessBase"]
[SourceDate "2022.09.30"]
[SourceVersion "1"]
[SourceVersionDate "2022.09.30"]
[SourceQuality "1"]

1. d4 e6 2. Nf3 d5 3. c4 c6 4. cxd5 Qxd5 5. Nc3 Qa5 6. Bd2 Qc7 7. e3 Bd6 8. Rc1 a6 9. Ne4 Qd8 10. Nxd6+ Qxd6 11. e4 f6 12. a3 a5 13. Be3 Ne7 14. Be2 b5 15. 0-0 b4 16. a4 Ba6 17. Bxa6 Nxa6 18. b3 0-0 19. Qe2 Rfc8 20. Rfd1 Nc7 21. Rc4 h6 22. Rdc1 Qd7 23. h4 Ne8 24. Qc2 Ra6 25. Rc5 Qd6 26. g3 Kf8 27. Bf4 Qd7 28. Qe2 Qb7 29. Qc4 Kf7 30. g4 Ng6 31. Bg3 Qd7 32. h5 Nf8 33. Qxa6 1-0

[Event "Joao Pessoa Fischer Memorial 11th"]
[Site "Joao Pessoa"]
[Date "2022.05.06"]
[Round "2"]
[White "Born, Ary"]
[Black "Cavalcante, Samuel Araujo"]
[Result "0-1"]
[WhiteElo "1258"]
[BlackElo "1641"]
[PlyCount "102"]
[EventDate "2022.05.06"]
[EventType "swiss"]
[EventRounds "6"]
[EventCountry "BRA"]
[SourceTitle "EXT 2023"]
[Source "ChessBase"]
[SourceDate "2022.10.05"]
[SourceVersion "1"]
[SourceVersionDate "2022.10.05"]
[SourceQuality "1"]

1. d4 e6 2. Bf4 Nf6 3. Nf3 d5 4. e3 Bd6 5. Bg5 h6 6. Bh4 Nbd7 7. Nbd2 0-0 8. Be2 Re8 9. 0-0 Nf8 10. Ne5 c5 11. Ndf3 Ng6 12. Nxg6 fxg6 13. Ne5 g5 14. Bg3 Bxe5 15. Bxe5 Nd7 16. Bh5 Rf8 17. Bg3 c4 18. c3 Nf6 19. Be5 Bd7 20. a4 Be8 21. g4 Bxh5 22. gxh5 Qe8 23. Bd6 Rf7 24. Kh1 Rd7 25. Be5 Qxh5 26. Rg1 Qxd1 27. Raxd1 Ne4 28. h3 Nxf2+ 29. Kh2 Nxd1 30. Rxd1 Rf8 31. h4 gxh4 32. Kg2 Rdf7 33. Rd2 Rf3 34. Bf4 R8xf4 35. exf4 Rxf4 36. Re2 Kf7 37. a5 g5 38. b4 cxb3 39. Rb2 h3+ 40. Kxh3 Rf3+ 41. Kg4 Rxc3 42. Rf2+ Ke7 43. Rh2 Rc2 44. Rxh6 b2 45. Rh7+ Kf6 46. Rxb7 e5 47. dxe5+ Kxe5 48. a6 d4 49. Kf3 d3 50. Rb5+ Kd4 51. Rxg5 b1Q 0-1

[Event "Florianopolis op 6th"]
[Site "Florianopolis"]
[Date "2020.01.21"]
[Round "3"]
[White "De Oliveira, Nicolas Fabiane"]
[Black "Born, Ary"]
[Result "1-0"]
[WhiteElo "1113"]
[BlackElo "1282"]
[PlyCount "93"]
[EventDate "2020.01.20"]
[EventType "swiss"]
[EventRounds "10"]
[EventCountry "BRA"]
[SourceTitle "CBM 194 Extra"]
[Source "ChessBase"]
[SourceDate "2020.03.31"]
[SourceVersion "1"]
[SourceVersionDate "2020.03.31"]
[SourceQuality "1"]

1. d4 d5 2. c4 e6 3. Nc3 Nf6 4. Nf3 g6 5. Bf4 c6 6. e3 Bg7 7. Bd3 Nbd7 8. h3 0-0 9. 0-0 Re8 10. Re1 a6 11. Qc2 dxc4 12. Bxc4 b5 13. Bb3 Bf8 14. Ne4 Bb7 15. Bd6 Rc8 16. Bxf8 Kxf8 17. Nd6 Qc7 18. Nxc8 Rxc8 19. Rac1 Kg7 20. a3 Qa5 21. e4 Nb6 22. Qc3 Nc4 23. Bxc4 Qxc3 24. Rxc3 bxc4 25. Rxc4 c5 26. Rxc5 Rxc5 27. dxc5 Nxe4 28. b4 Bc6 29. Nd4 Bd5 30. Rc1 e5 31. Nf3 Kf6 32. c6 Nd6 33. c7 Bb7 34. a4 e4 35. Nd4 Ke7 36. Kf1 Kd7 37. b5 Kc8 38. b6 f5 39. a5 f4 40. Nb3 Bd5 41. Nc5 Bc4+ 42. Kg1 e3 43. fxe3 fxe3 44. Re1 Nf5 45. Rd1 Nd4 46. Rxd4 e2 47. Rd8# 1-0

[Event "Joao Pessoa de Assis Memorial 1st"]
[Site "Joao Pessoa"]
[Date "2019.11.16"]
[Round "4"]
[White "Pinheiro, Ariana Hayelly Maci"]
[Black "Born, Ary"]
[Result "1-0"]
[WhiteElo "1272"]
[BlackElo "1281"]
[PlyCount "199"]
[EventDate "2019.11.15"]
[EventType "swiss"]
[EventRounds "6"]
[EventCountry "BRA"]
[SourceTitle "CBM 193 Extra"]
[Source "ChessBase"]
[SourceDate "2020.01.31"]
[SourceVersion "1"]
[SourceVersionDate "2020.01.31"]
[SourceQuality "1"]

1. d4 e5 2. c3 exd4 3. cxd4 Nf6 4. Nc3 d5 5. Bg5 Be7 6. Bxf6 Bxf6 7. Nf3 c6 8. e4 Bg4 9. e5 Qe7 10. Be2 Bxf3 11. Bxf3 Bg5 12. 0-0 Qb4 13. Rb1 Qa5 14. Re1 Qc7 15. e6 0-0 16. exf7+ Kh8 17. Ne2 Qxf7 18. Ng3 g6 19. Bg4 Qxf2+ 20. Kh1 Na6 21. Rf1 Qd2 22. Qxd2 Bxd2 23. Rfd1 Rf2 24. Bf3 Nb4 25. a3 Nd3 26. Nf1 Be1 27. Kg1 Re8 28. Rxd3 Rc2 29. Ne3 Bf2+ 30. Kh1 Rxe3 31. Rdd1 Kg7 32. h3 Bg3 33. Rdc1 Rd2 34. Rd1 Rc2 35. Rdc1 Rxc1+ 36. Rxc1 Re1+ 37. Rxe1 Bxe1 38. Bg4 b6 39. Bd7 c5 40. dxc5 bxc5 41. Bc6 d4 42. Bb5 a5 43. a4 h5 44. Kg1 h4 45. Kf1 Bg3 46. Ke2 Kf6 47. Kd3 Bd6 48. Ke4 g5 49. b3 Be7 50. Bd3 Ke6 51. Bc4+ Kf6 52. Kd5 Kf5 53. Kc6 Ke5 54. Kb6 Ke4 55. Kxa5 d3 56. Kb5 d2 57. Be2 Kd4 58. a5 Bd6 59. a6 c4 60. a7 c3 61. a8Q c2 62. Qh8+ Ke3 63. Qe8+ Kf2 64. Qe4 d1Q 65. Qf3+ Kg1 66. Bxd1 c1Q 67. Qd5 Qf4 68. Bf3 Qb4+ 69. Kc6 Bf4 70. Qc5+ Qxc5+ 71. Kxc5 Kf2 72. b4 Ke3 73. b5 Be5 74. b6 Bd4+ 75. Kc6 Be5 76. Kd7 Kf4 77. Bc6 Ke3 78. b7 Kd4 79. Kc8 Kc5 80. Bf3 Kb6 81. b8Q+ Bxb8 82. Kxb8 Kc5 83. Kc7 Kc4 84. Kd6 Kd4 85. Ke6 Ke3 86. Kf5 Kd4 87. Kxg5 Ke5 88. Kxh4 Kf6 89. Kh5 Kg7 90. Kg5 Kh7 91. Kf6 Kh6 92. h4 Kh7 93. g4 Kh6 94. g5+ Kh7 95. Be4+ Kg8 96. g6 Kh8 97. g7+ Kg8 98. Bd5+ Kh7 99. g8Q+ Kh6 100. Qg6# 1-0

[Event "Natal Potiguar op 11th"]
[Site "Natal"]
[Date "2019.06.08"]
[Round "3"]
[White "Born, Ary"]
[Black "De Lima, Enzo Magalhaes"]
[Result "0-1"]
[WhiteElo "1315"]
[BlackElo "1648"]
[PlyCount "70"]
[EventDate "2019.06.07"]
[EventType "swiss"]
[EventRounds "6"]
[EventCountry "BRA"]
[SourceTitle "EXT 2020"]
[Source "ChessBase"]
[SourceDate "2019.10.17"]
[SourceVersion "1"]
[SourceVersionDate "2019.10.17"]
[SourceQuality "1"]

1. e4 d6 2. d4 Nf6 3. Nf3 Nxe4 4. c3 g6 5. d5 Bg7 6. Qa4+ Nd7 7. Qxe4 Nc5 8. Qc2 Bf5 9. Qd1 c6 10. Be3 cxd5 11. Nd4 Bxb1 12. Rxb1 0-0 13. g3 e6 14. h4 Qe7 15. Qg4 e5 16. Nf3 f5 17. Qh3 f4 18. Bxc5 dxc5 19. Kd1 e4 20. Ng5 Rf5 21. gxf4 h6 22. Be2 hxg5 23. hxg5 Rxf4 24. Kc2 Rxf2 25. Rh2 Rxh2 26. Qxh2 Be5 27. Qh3 Rf8 28. Rh1 Rf5 29. a3 Rxg5 30. Qc8+ Kf7 31. Bg4 Bg7 32. Rf1+ Bf6 33. Rh1 e3 34. Kd3 Qe4+ 35. Ke2 Qxg4+ 0-1

[Event "Recife Akasaka Cup 7th"]
[Site "Recife"]
[Date "2019.04.12"]
[Round "2"]
[White "Baltar, Petrov Ferreira"]
[Black "Born, Ary"]
[Result "1-0"]
[WhiteElo "1662"]
[BlackElo "1319"]
[PlyCount "81"]
[EventDate "2019.04.12"]
[EventType "swiss"]
[EventRounds "6"]
[EventCountry "BRA"]
[SourceTitle "CBM 189 Extra"]
[Source "ChessBase"]
[SourceDate "2019.06.03"]
[SourceVersion "1"]
[SourceVersionDate "2019.06.03"]
[SourceQuality "1"]

1. d4 d5 2. c4 c6 3. e3 Nf6 4. Nc3 dxc4 5. Bxc4 b5 6. Bd3 e6 7. Nf3 Bb4 8. 0-0 Nbd7 9. a4 Bxc3 10. bxc3 Qa5 11. Bb2 b4 12. cxb4 Qxb4 13. Qc2 Rb8 14. Ba3 Qb3 15. Rfb1 Qxc2 16. Bxc2 Nd5 17. Ne5 Rxb1+ 18. Rxb1 Nxe5 19. dxe5 Kd7 20. Rb8 a5 21. Bd6 Rd8 22. Ra8 Bb7 23. Rxa5 Ra8 24. Rxa8 Bxa8 25. a5 g6 26. a6 f6 27. Bd3 fxe5 28. Bxe5 Nb4 29. Be2 c5 30. Bb5+ Kc8 31. Bd6 Bc6 32. Be2 Ba8 33. Bxc5 Nd5 34. h4 Nc3 35. Bc4 Bd5 36. Bf1 Ne4 37. Bd4 Nd2 38. Be2 Nc4 39. e4 e5 40. exd5 exd4 41. Bxc4 1-0